000 00389 a2200169 4500
001 69644
020 _a8526237411
040 _cAnchieta - Itaigara
100 _aAndrade, Telma GuimarĂ£es Castro
240 1 0 _aO Natal do avarento
_lpor
245 1 0 _aO Natal do avarento
300 _a87
362 0 _a2000
440 1 _aScipione
650 4 _aLiteratura infanto-juvenil
942 _cBK
999 _c69644
_d69644